| 000 | 00000nam##2200000za#4500 |
| 001 | 9.636127 |
| 003 | CaOODSP |
| 005 | 20210624220606 |
| 007 | cr ||||||||||| |
| 008 | 150407|2006||||xxc|||||o f|0| 0 fre|d |
| 020 | |a978-1-896997-55-1 |
| 040 | |aCaOODSP|bfre |
| 043 | |an-cn--- |
| 086 | 1 |aEn108-4/43-2006F-PDF |
| 110 | 1 |aCanada.|bConseil canadien des ministres de l'environnement. |
| 245 | 10|aPropositions de principes sur la responsabilité à l'égard des lieux contaminés |h[ressource électronique] |
| 260 | |bConseil canadien des ministres de l'environnement |c2006. |
| 300 | |a20p.|bfigures (certaines en couleur) |
| 590 | |a10-14-Supp|b2010-12-03 |
| 691 | 07|aPollution|2gcpds |
| 691 | 07|aCréance|2gcpds |
| 775 | 08|tRecommended principles on contaminated sites liability |w(CaOODSP)9.691828 |
| 856 | 40|ahttp://publications.gc.ca|qPDF|s109 Ko|uhttps://publications.gc.ca/collections/collection_2010/ccme/En108-4-43-2006-fra.pdf |
| 986 | |aPN 1362 |